Flags of the Americas in 1861 - Statistics

General Stats
  • This quiz has been taken 81 times
  • The average score is 22 of 26
Answer Stats
Picture Answer % Correct
United States
99%
France
96%
United Kingdom
96%
Mexico
94%
Netherlands
94%
Argentina
93%
Chile
93%
Denmark
91%
Uruguay
91%
Paraguay
90%
Peru
90%
Spain
90%
Brazil
88%
Haiti
85%
Bolivia
81%
Costa Rica
79%
Confederate States
78%
El Salvador
76%
Nicaragua
76%
Granadine Confed.
75%
Honduras
75%
Sweden
75%
Venezuela
75%
Ecuador
73%
Russia
64%
Guatemala
46%
No matching quizzes found
Score Distribution
Percent of People with Each Score
Percentile by Number Answered
Your Score History
You have not taken this quiz